LEADER 00932nam a2200229 i 4500 001 000000100960 003 CaOOAMICUS 005 20151119000000.0 008 151119s1999 it u000 u ita u 013 $a73112 040 $aSeMil$bita 100 1 $aDell'Orto, Umberto <1963- >.$0(OLS)http://semarc/name/15117 245 10$a[Storia della vita consacrata in Occidente /$cprof. Umberto Dell'Orto. 260 $aS.l. :$bs.n.,$c1999] 300 $a155 c. ;$c30 cm. 500 $aIn copertina : Istituto Superiore di Scienze Religiose di Milano. 650 4$aVita consacrata - Storia.$0(OLS)http://semarc/subject/18004 850 $aSeMil 852 $aSeMil$W1$xVenegono$y1$m6X IV 67$j57955$B57955$CSeMilBibl$Z2$F68471 $8B 961 $aOmaggio: Castiglioni don Tommaso 996 $6245$a[Storia della vita consacrata in Occidente$9(OLS)http://semarc/title/148014 996 $6260$aS.l. :$bs.n.$9(OLS)http://semarc/publisher/39639 LEADER 00510nab a2200145 i 4500 001 000000316184 003 CaOOAMICUS 005 20180831173204.0 008 180831n xx uu u0 0und r 013 $a25267 040 $aSeMil$bita 100 1 $aMolinari, Franco,$d<1928-1991>.$0(OLS)http://semarc/name/14470 245 10$a[RECENSIONE DI: ..., Religione e Potere..., 1981]. 773 0 $t[Gennaio-Dicembre].$g563-564$w()274000 996 $6245$a[RECENSIONE DI: ..., Religione e Potere..., 1981]$9(OLS)http://semarc/title/390211